000 00644nam a2200217 a 4500
999 _c3026
_d3026
001 3026
003 BD-JhCC
005 20171113200732.0
008 171109s1981 bg a|||| ||a| 00| 0 en d
035 _a(BD-JhCC)3026
040 _aBD-JhCC
_dBD-JhCC
041 _aben
082 _a891.4435
_bALI 1981
100 _aএলিয়ট, জেরালডিন
245 _aশিকারীর গুহা /
_cজেরালডিন এলিয়ট
260 _aঢাকা :
_bবাংলা একাডেমী,
_c1981.
300 _a188 p. :
_bills;
_c20 cm.
650 _aShort stories
942 _2ddc
_cBK